Zemepis učebnica pre 5. ročník základných škôl 2. časť Človek na Zemi

Bibliographic Details
Main Authors: Tolmáči, Ladislav, 1960- (Author), Lauko, Viliam, 1951-2017 (Author), Nogová, Mária (Author), Tolmáčiová, Terézia (Author), Zubriczký, Gabriel, 1968- (Author)
Other Authors: Pifková, Táňa (Illustrator), Pifko, Henrich (Illustrator), Caltík, Marek (Illustrator), Janíková, Alžbeta (Illustrator)
Format: Book
Language:Slovak
PhysicalDescription:79 s. ilustr., mp., tab. 24 cm
Published: Bratislava Litera 1996
ISBN:8085452510
Subjects:

MARC

LEADER 00000nam a2200000 a 4500
001 vtls001219991
003 SK-MaSNL
005 20260301003036.0
008 240226s1996 xo abp r yy slo
015 |a SNBA1997/0902463 
020 |a 8085452510 
035 |a SNK000164533 
035 |a urn:nbn:sk:snk-amk3ch 
035 |a urn:nbn:sk:snk-am0058gw 
035 |a 2973C539-4F49-428F-A679-6B1D60088359 
040 |a SNK  |b slo  |c SNK  |e AACR2 
041 0 |a slo 
044 |a xo  |c SK 
080 |a 372.891.152(075.2)  |2 1981 
245 0 0 |a Zemepis  |b učebnica pre 5. ročník základných škôl  |n 2. časť  |p Človek na Zemi  |c Ladislav Tolmáči ... [et al.] 
260 |a Bratislava  |b Litera  |c 1996 
300 |a 79 s.  |b ilustr., mp., tab.  |c 24 cm 
500 |a Ilustr. na tit. strane 
500 |a Ilustr. Táňa Pifková ... [et al.] 
650 0 7 |a geografia  |x učebnice zákl. škôl (5. roč.)  |2 SNK  |9 283786 
655 7 |a učebnice  |2 SNK  |9 22521 
700 1 |a Tolmáči, Ladislav,  |d 1960-  |4 aut  |9 198528 
700 1 |a Lauko, Viliam,  |d 1951-2017  |4 aut  |9 240436 
700 1 |a Nogová, Mária  |4 aut  |9 12641 
700 1 |a Tolmáčiová, Terézia  |4 aut  |9 23934 
700 1 |a Zubriczký, Gabriel,  |d 1968-  |4 aut  |9 105926 
700 1 |a Pifková, Táňa  |4 ill  |9 46298 
700 1 |a Pifko, Henrich  |4 ill  |9 283787 
700 1 |a Caltík, Marek  |4 ill  |9 11714 
700 1 |a Janíková, Alžbeta  |4 ill  |9 44563 
919 |a 80-85452-51-0 
958 |a TL 
958 |a UX 
999 |c 538608  |d 540538 
952 |t P60, <09>, [BOOK], {629}  |a SNK  |b SNK  |y NEVYP  |7 0  |o snkC 1597  |i snk2837/960826  |0 0  |1 0  |4 0  |d 1996-08-23  |l 0  |r 2005-01-01 00:00:00  |w 2026-02-23 
952 |t P60, <03>, [BOOK], {603}  |a SNK  |b SNK  |y PREZ  |7 0  |p 17A0008980  |o snkSC 89250/2  |i snkKSP 6775/96  |0 0  |1 0  |4 0  |d 1996-08-23  |f 1  |l 0  |r 2025-09-08 00:00:00  |w 2026-02-23 
952 |t P60, <04>, [BOOK], {604}  |a SNK  |b SNK  |y VYP  |7 0  |p 17A0008979  |o snkSC 89250/2 D1  |i snkKSP 6776/96  |0 0  |1 0  |4 0  |d 1996-08-23  |l 0  |r 2005-01-01 00:00:00  |w 2026-02-23